LEADER 01545nam a2200301 u 4500 001 000000080605 003 CaOOAMICUS 005 20070226123651.0 008 050112s2002 it u000 u ita u 035 $a11021556 040 $aPUL$bita 100 1 $aFerreli, Ignazio.$0(OLS)http://pul/name/53728 245 13$aLo schema a dodici atti ed il pensiero di san Tommaso in ordine alla struttura dell'atto volontario /$cIgnazio Ferreli. 260 $aRomae :$b[s.n.],$c2002. 300 $a220 p. ;$c25 cm 500 $aSul front.: "Thesis ad Doctoratum in Philosophia totaliter edita". 500 $aIn testa al front.: "Pontificia Universitas Sanctae Crucis, Facultas Philosophiae". 502 $aThesis (Doct.) -- Pontificia Universitas Sanctae Crucis. Facultas Philosophiae, 2002. 504 $aBibliografia : p. 211-219. 600 04$aThomas Aquinas,$cs.,$dc. 1225-1274.$0(OLS)http://pul/subject/448 650 4$aVolontą (Filosofia).$0(OLS)http://pul/subject/23159 710 2 $aPontificia Universitą della Santa Croce.$bFacoltą di filosofia.$kTesi.$0(OLS)http://pul/name/53726 850 $aPUL 852 $aPUL$W1$xDP1 Tesi Pon. Univ. S. Croce$y43$m2002 A 2$j102952$nBK-PRI$qTesi$B102952$CPULBib$Z2$F102952 $H96833 $82 941 1 $a16 960 $aTommaso d'Aquino,$cs.,$d1225-1274$9448 996 $6245$aLo schema a dodici atti ed il pensiero di san Tommaso in ordine alla struttura dell'atto volontario$9(OLS)http://pul/title/105556 996 $6260$aRomae :$b[s.n.]$9(OLS)http://pul/publisher/48223 LEADER 01501nam a2200361 a 4500 001 000000148918 003 CaOOAMICUS 005 20160128133030.0 008 160128s2015 it u000 u ita r 020 $a978-88-343-3071-5* 032 $aLibriCat 040 $aPUL$bita 245 00$aAgostino Casaroli: lo sguardo lungo della Chiesa / $ca cura di Antonio G. Chizzoniti. 260 $aMilano :$bV&P,$c©2015. 300 $aXVI, 200 p. ;$c22 cm. 490 1 $aRicerche. Storia 490 1 $aVita e pensiero. Universitą 504 $aBibliografia in nota. 600 14$aCasaroli, Agostino,$ccard.,$d1914-1998.$0(OLS)http://pul/subject/12480 700 1 $aChizzoniti, Antonio G.,$d1960-$0(OLS)http://pul/name/33836 830 0$aUniversitą (Vita e Pensiero).$0(OLS)http://pul/title/154439 830 0$aRicerche (Vita e Pensiero).$pStoria.$0(OLS)http://pul/title/174438 850 $aPUL 852 $aPUL$W1$xDP1 Cons. Gen., Altre Classi 1$y22$m389 C 74$j171633$qStampati$B173131$CPULBib$Z2$F173131 $H126941 $81 941 1 $a8 983 0$aVita e pensiero.$pUniversitą. 983 0$aV & P. Universitą. 983 0$aStoria.$pRicerche (Vita e pensiero) 983 0$aV & P. Storia. Ricerche. 996 $6020$a978-88-343-3071-5*$9(OLS)http://pul/number/159472 996 $6245$aAgostino Casaroli: lo sguardo lungo della Chiesa / $9(OLS)http://pul/title/187786 996 $6260$aMilano :$bV&P$9(OLS)http://pul/publisher/78336